000 00638nam a2200241Ia 4500
003 OSt
005 20220918222033.0
006 a|||||r|||| 00| 0
007 ta
008 220917b |||||||| |||| 00| 0 eng d
024 _a215,452
037 _cTextual
040 _aARTS
_cARTS
_beng
041 _2eng
_aeng
082 _aV2y7N34, P0
100 _aEqbal Ahmad
_9142052
245 0 _aConfronting empire interviews with David Barsamian
260 _aLondon
_bPluto Press
_c2000
300 _axxxv, 177p
_ccm.
650 _aHISTORY
942 _hV2y7N34, P0
_cTEXL
_2CC
999 _c274382
_d274382